000
00296nam a22001217a 4500
008
180606b xxu||||| |||| 00| 0 eng d
041
_a
eng
080
_a
043.3
100
_a
0
101
_a
SHKI-BTH
245
_a
Network implementation in medium-sized businesses
_c
Krasniqi,G
942
_2
udc
_c
BK
999
_c
46456
_d
46456